Gurus and oracles the marketing of information /

Bibliographic Details
Main Author: Sarvary, M.
Corporate Author: ProQuest (Firm)
Format: Electronic Book
Language:English
Published: Cambridge, Mass. : MIT Press, c2012.
Subjects:
Online Access:Click to View
LEADER 01309nam a2200361Ia 4500
001 EBC3339349
003 MiAaPQ
005 20120203134350.0
006 m o d |
008 110603s2012 maua b 001 0 eng d
010 |z  2011023271 
020 |z 9780262016940 
020 |z 9780262301176 
035 |a (MiAaPQ)EBC3339349 
035 |a (Au-PeEL)EBL3339349 
035 |a (CaPaEBR)ebr10520611 
035 |a (CaONFJC)MIL342077 
035 |a (OCoLC)774295502 
040 |a MiAaPQ  |c MiAaPQ  |d MiAaPQ 
050 4 |a HD9999.I492  |b S28 2012 
082 0 4 |a 001.068/8  |2 23 
100 1 |a Sarvary, M.  |q (Miklos) 
245 1 0 |a Gurus and oracles  |h [electronic resource] :  |b the marketing of information /  |c Miklos Sarvary. 
260 |a Cambridge, Mass. :  |b MIT Press,  |c c2012. 
300 |a xv, 176 p. :  |b ill. 
504 |a Includes bibliographical references and index. 
533 |a Electronic reproduction. Ann Arbor, MI : ProQuest, 2015. Available via World Wide Web. Access may be limited to ProQuest affiliated libraries. 
650 0 |a Information services industry. 
650 0 |a Information networks. 
650 0 |a Information technology. 
655 4 |a Electronic books. 
710 2 |a ProQuest (Firm) 
856 4 0 |u https://ebookcentral.proquest.com/lib/matrademy/detail.action?docID=3339349  |z Click to View